000 00882nam a2200205 i 4500
001 188008
003 ES-MaACL
005 20230906223059.0
008 180409s1962 sp |||| | spa d
110 2 _aConsejo Económico Sindical Provincial (Granada)
_9164557
245 1 0 _aPerspectivas de desarrollo económico de la provincia de Granada (en los próximos cinco años).
260 _a[S.l. :
_bs.n.],
_c1962 (
_eMadrid :
_fHispalense Industrial)
300 _a190 p. ;
_c28 cm.
490 1 _aOrganizacion Sindical. Consejo Económico Nacional. Gabinete Técnico ;
_v34
594 _aPrecede al tít.: Consejo Económico Sindical Provincial, Granada.
651 4 _aGranada (Provincia)-
_xSituación económica.
_9164539
830 0 _aOrganizacion Sindical. Consejo Económico Nacional. Gabinete Técnico ;
_v34
_9192940
852 _aES-MaACL
_jB-13781
999 _c188008
_d188008